000 00691nam a2200205 i 4500
001 100990
003 ES-MaACL
005 20250716063250.0
007 t|
008 051010s1955 ag ||||1| spa d
100 1 _aMauriac, François,
_d1885-1970
_979251
245 1 3 _aEl mal
_b: novela /
_cFrançois Mauriac; traducción de Elvira Riera de Camerlingo.
260 _aBuenos Aires :
_bLosada,
_c1955.
300 _a140 p. ;
_c20 cm.
490 1 _aLos grandes novelistas de nuestra época
700 1 _aRiera de Camerlingo, Elvira.
_997120
830 0 _aLos grandes novelistas de nuestra época
_9184584
852 _aES-MaACL
_jL-11531
_bR.113641
999 _c100990
_d100990